Encyclopedia (Record no. 92950)
[ view plain ]
| 000 -LEADER | |
|---|---|
| fixed length control field | 00659nam a2200229Ia 4500 |
| 003 - CONTROL NUMBER IDENTIFIER | |
| control field | 0100 |
| 005 - DATE AND TIME OF LATEST TRANSACTION | |
| control field | 20140325175210.0 |
| 008 - FIXED-LENGTH DATA ELEMENTS--GENERAL INFORMATION | |
| fixed length control field | 130307s9999 xx 000 0 und d |
| 040 ## - CATALOGING SOURCE | |
| Transcribing agency | ARRUPELIB |
| 300 ## - PHYSICAL DESCRIPTION | |
| Other physical details | 400 p. 21 cm. |
| 100 ## - MAIN ENTRY--PERSONAL NAME | |
| Personal name | Diderot, d'Alembert and D'Alemert, Jean Le rond and Hoyt, Nelly S. and Cassirer, Thomas |
| 9 (RLIN) | 9372 |
| 245 ## - TITLE STATEMENT | |
| Title | Encyclopedia |
| 245 ## - TITLE STATEMENT | |
| Remainder of title | selections |
| 260 ## - PUBLICATION, DISTRIBUTION, ETC. (IMPRINT) | |
| Place of publication, distribution, etc | Indianapolis, |
| 260 ## - PUBLICATION, DISTRIBUTION, ETC. (IMPRINT) | |
| Name of publisher, distributor, etc | Bobbs-Merrill |
| 260 ## - PUBLICATION, DISTRIBUTION, ETC. (IMPRINT) | |
| Date of publication, distribution, etc | 1965 |
| 300 ## - PHYSICAL DESCRIPTION | |
| Extent | xlv |
| 440 ## - SERIES STATEMENT/ADDED ENTRY--TITLE | |
| Title | Library of liberal arts, 223 |
| 9 (RLIN) | 9373 |
| 600 ## - SUBJECT ADDED ENTRY--PERSONAL NAME | |
| General subdivision | Encyclopedia |
| 9 (RLIN) | 9374 |
| 700 ## - ADDED ENTRY--PERSONAL NAME | |
| Personal name | Diderot, Denis; Alembert, Jean Le Rond d |
| 9 (RLIN) | 9375 |
| 942 ## - ADDED ENTRY ELEMENTS (KOHA) | |
| Source of classification or shelving scheme | Library of Congress Classification |
| Koha item type | REFERENCE |
| Withdrawn status | Lost status | Source of classification or shelving scheme | Damaged status | Not for loan | Collection code | Home library | Current library | Shelving location | Date acquired | Total Checkouts | Full call number | Barcode | Date last seen | Copy number | Price effective from | Koha item type |
|---|---|---|---|---|---|---|---|---|---|---|---|---|---|---|---|---|
| Library of Congress Classification | REFERENCE | ARRUPE LIBRARY | ARRUPE LIBRARY | Main Collection | 07/03/2013 | REF AC20.E523 | 46003005513 | 07/03/2013 | 1 | 07/03/2013 | REFERENCE |